| 000 | 00582nam a2200193 4500 | ||
|---|---|---|---|
| 001 | VA43932 | ||
| 003 | ES-SlBCS | ||
| 005 | 20210601155903.0 | ||
| 008 | 140520s1960 xxu||||| |||| 00| 0 spa d | ||
| 041 | _aspa | ||
| 100 | 1 |
_aGill, Henry V. _9384996 |
|
| 245 | 1 | 0 |
_aEl cristianismo en la vida diaria _b:Una filosofía de la vida _cHenry V. Gill; Julio Aguilar |
| 260 |
_aMadrid : _bStudium _c, 1960 |
||
| 300 |
_a159 p.; _c18 cm |
||
| 500 | _aTít. orig.: Christianity in Daily Life | ||
| 650 | 0 | 4 |
_aCristianismo-Vida Diaria _9384997 |
| 700 | 1 |
_aAguilar, Julio _928161 |
|
| 942 | _cBK | ||
| 999 |
_c823070 _d823070 |
||